logo

Bir Sreshtho Munshi Abdur Rouf Library
Jhenaidah Cadet College

The rogues of Alwyn : (Record no. 7709)

MARC details
000 -LEADER
fixed length control field 00748nam a22002772i 4500
001 - CONTROL NUMBER
JCCL Control Number 7709
003 - CONTROL NUMBER IDENTIFIER
JCCL marc code UkOxU
005 - DATE AND TIME OF LATEST TRANSACTION
control field 20180222140057.0
008 - FIXED-LENGTH DATA ELEMENTS--GENERAL INFORMATION
fixed length control field 500101s1964 xxk j 000 0 eng d
035 ## - SYSTEM CONTROL NUMBER
system control number OCLC ocm30224168 from D960120M
040 ## - CATALOGING SOURCE
Original cataloging agency UKM
Transcribing agency UKM
Modifying agency EQO
041 ## - LANGUAGE CODE
Language code of Book eng
082 ## - DEWEY DECIMAL CLASSIFICATION NUMBER
Classification number 823.91
Author mark and Year CRI 1964
082 ## - DEWEY DECIMAL CLASSIFICATION NUMBER
DDC Edition number 18
Author mark and Year CRI 1964
100 1# - MAIN ENTRY--PERSONAL NAME
Personal name Crisp, Frank.
245 14 - TITLE STATEMENT
Title The rogues of Alwyn :
Remainder of title a tale of adventure /
Statement of responsibility, etc Crisp, Frank.
250 ## - EDITION STATEMENT
Edition statement Abridged ed
260 ## - PUBLICATION, DISTRIBUTION, ETC. (IMPRINT)
Place of publication, distribution, etc Collins,
Date of publication, distribution, etc 1964
300 ## - PHYSICAL DESCRIPTION
Pagination 188 p. :
Dimensions 19 cm
490 1# - SERIES STATEMENT
Series statement Seagull library
500 ## - GENERAL NOTE
General note Originally published (B53-10647) as The weird archer. J. Lane., 1953
650 ## - SUBJECT ADDED ENTRY--TOPICAL TERM
Topical term or geographic name as entry element English story
830 #0 - SERIES ADDED ENTRY--UNIFORM TITLE
Uniform title Seagull library
942 ## - ADDED ENTRY ELEMENTS (KOHA)
Source of classification or shelving scheme Dewey Decimal Classification
Koha item type Books
Holdings
Source of classification or shelving scheme Damaged status Not for loan Home library Current library Shelving location Total Checkouts Full call number Barcode Date last seen Copy number Koha item type
Dewey Decimal Classification     JCC Rouf Library JCC Rouf Library General Stacks   823.91 CRI 1964 1080 02/13/2018 C - 1 Books

JCC Library | Contacts | JCC Home

Last Update on 23 September 2017
Copyright @ 2017-2020 JCC Rouf Library
Rouf Library, Jhenidah Cadet College (JCC), Bangladesh